Szczegóły MARC21

Analiza i funkcjonowanie rynku na przykładach /

003 -Nazwa inst., której nr kontr. jest w polu 001 [,]
    • @
    • Nazwa instytucji, której n kontrolny jest w polu 001
    • NUKAT
005 -DATA I CZAS OSTATNIEJ MODYFIKACJI [,]
    • @
    • pole kontrolne
    • 20241231113044.0
020 -Międzynarod. znormalizowany nr książki - ISBN [ , ]
    • a
    • Numer ISBN
    • 8372410755 Find
040 -Instytucja sporządzająca opis [ , ]
    • a
    • Instytucja, która sporządziła opis (NP)
    • NUKAT
    • c
    • Instytucja, która sporządziła rekord (NP)
    • KR U/WS
    • d
    • Instytucja, która zmodyfikowała rekord (P)
    • WA U/mg
    • d
    • Instytucja, która zmodyfikowała rekord (P)
    • WA U/AK
942 -Rodzaj dokumentu [ , ]
    • c
    • Rodzaj dokumentu
    • Książka
100 -Hasło główne - nazwa osobowa [1, ]
    • a
    • Nazwa osobowa (NP)
    • Rosa, Grażyna
    • d
    • Daty biograficzne (NP)
    • (1968- ).
    • 9
    • KHW
    • 453
245 -Strefa tytułu i oznaczenia odpowiedzialności [1,0]
    • a
    • Tytuł
    • Analiza i funkcjonowanie rynku na przykładach / Find
    • c
    • Pozostałe elementy strefy tytułu i oznaczenia odpowiedzialności (NP)
    • Grażyna Rosa, Agnieszka Smalec ; Uniwersytet Szczeciński.
260 -Strefa adresu wydawniczego [ , ]
    • a
    • Miejsce wydania (P)
    • Szczecin :
    • b
    • Nazwa wydawcy (P)
    • Wydaw. Naukowe US,
    • c
    • Data wydania (P)
    • 2000.
300 -Strefa opisu fizycznego [ , ]
    • a
    • Określenie formy książki i/lub objętość (NP)
    • 134 s. ;
    • c
    • Format (NP)
    • 24 cm.
336 -Typ zawartości [ , ]
    • a
    • Termin opisujący typ zawartości
    • Tekst
    • b
    • Kod określający zawartość
    • txt
    • 2
    • Źródło (terminu i kodu)
    • rdacontent
337 -Typ mediów [ , ]
    • a
    • Tryb odtwarzania
    • Bez urządzenia pośredniczącego
    • b
    • Kod typu mediów
    • n
    • 2
    • Źródło (terminu i kodu)
    • rdamedia
338 -Typ/rodzaj nośnika [ , ]
    • a
    • Hasło opisujące typ nośnika
    • Wolumin
    • b
    • Kod typu nośnika
    • nc
    • 2
    • Źródło (terminu i kodu)
    • rdacarrier
504 -Uwaga dot. bibliogr. załącznikowej [ , ]
    • a
    • Uwaga dot. bibliografii załącznikowej
    • Bibliogr. s. 133-134.
650 -Hasło przedmiotowe [ ,7]
    • a
    • Hasło przedmiotowe
    • Badania marketingowe
    • v
    • Określnik formalny
    • zadania i ćwiczenia.
    • 2
    • Źródło terminu
    • kaba
    • 9
    • KHW
    • 549337
700 -Hasło dodatkowe - nazwa osobowa [1, ]
    • a
    • Nazwa osobowa (NP)
    • Smalec, Agnieszka. Find
    • 9
    • KHW
    • 454
710 -Hasło dodatkowe - nazwa ciała zbiorowego [2, ]
    • a
    • Nazwa ciała zbiorowego lub nazwa geograficzna jako pierwszy element (NP)
    • Uniwersytet Szczeciński.
    • b
    • Nazwa jednostki podrzędnej (P)
    • Wydawnictwo Naukowe.
    • 4
    • Kod relacji
    • pbl
    • 9
    • KHW
    • 51208
920 -ISBN [ , ]
    • a
    • ISBN
    • 83-7241-075-5 Find
Lokalizacja Data inwentaryzacji Status udost. Numer inwentarzowy Sygnatura
BE2000-05-17-2E.66727 
BE2001-06-20-3S.88048 
BG2000-05-171Z.95764Z.95764
T2000-05-17-6T.2220 
T2000-05-17-6T.2427 
T2000-05-17-6T.2428 
T2000-05-17-6T.2429 
T2000-05-17-6T.2430 
T2000-05-17-6T.2431 
T2000-05-17-6T.2432 
T2000-05-17-6T.2433 
T2000-05-17-3T.2434 
T2000-05-17-6T.2435 
T2000-05-17-6T.2436 
T2000-05-17-6T.2437 
T2000-05-17-2T.2438 
T2000-05-17-2T.2439 
T2000-05-17-6T.2440 
T2000-05-17-6T.2441 
T2000-05-17-6T.2442 
T2000-05-17-6T.2443 
T2000-05-17-6T.2444 
T2000-05-17-6T.2445 
T2000-05-17-3T.2446 
T2002-11-07-6TM.370TM.370
T2003-03-21-6TM.699 
T2003-03-21-6TM.700 
T2003-03-21-6TM.701 
T2003-03-21-6TM.702 
T2003-03-21-6TM.703 
T2003-03-21-6TM.704 
T2003-03-21-6TM.705 
T2003-03-21-6TM.706 
T2003-03-21-6TM.707 
T2003-03-21-6TM.708 
T2003-03-21-3TM.709 
T2003-03-21-6TM.710 
T2003-03-21-6TM.711 
T2003-03-21-6TM.712 
T2003-03-21-6TM.713 
T2003-03-21-6TM.714 
T2003-03-21-6TM.715 
T2003-03-21-6TM.716 
T2003-03-21-6TM.717 
T2003-03-21-6TM.718 
T2003-03-21-6TM.719 
T2003-03-21-6TM.720 
T2003-03-21-6TM.721 
T2003-03-21-6TM.722 
T2003-03-21-6TM.723 
T2003-03-21-3TM.724 
T2003-03-21-6TM.725 
T2003-03-21-6TM.726 
T2003-03-21-6TM.727 
T2003-03-21-6TM.728 
T2003-03-21-6TM.729 
T2003-03-21-6TM.730 
T2003-03-21-6TM.731 
T2003-03-21-6TM.732 
T2003-03-21-6TM.733 
T2003-03-21-6TM.734 
T2003-03-21-6TM.735 
T2003-03-21-6TM.736 
T2003-03-21-6TM.737 
T2003-03-21-6TM.738 
T2003-03-21-6TM.739 
T2003-03-21-6TM.740 
T2003-03-21-6TM.741 
T2003-03-21-6TM.742 
T2003-03-21-6TM.743 
T2003-03-21-6TM.744 
T2003-03-21-6TM.745 
T2003-03-21-6TM.746 
T2003-03-21-3TM.747 
T2003-03-21-6TM.748 
T2003-03-21-6TM.750 
T2003-03-21-6TM.751 
T2003-03-21-6TM.752 
T2003-03-21-6TM.753 
T2003-03-21-3TM.754 
T2003-03-21-6TM.755 
T2003-03-21-6TM.756 
T2003-03-21-6TM.757 
T2003-03-21-6TM.758 
T2004-01-09-6TM.2007 
T2005-10-10-6TM.3528 
T2005-10-10-6TM.3529 
T2005-10-10-3TM.3530 
T2005-10-10-3TM.3531 
T2005-10-10-6TM.3532 
T2005-10-10-3TM.3533 
T2005-10-10-6TM.3534 
T2005-10-10-6TM.3535 
T2005-10-10-3TM.3536 
T2005-10-10-3TM.3537 
T2005-10-10-6TM.3538 
T2005-10-10-6TM.3539 
T2005-10-10-6TM.3540 
T2005-10-10-6TM.3541 
T2005-10-10-6TM.3542 
T2005-10-10-3TM.3543 
T2005-10-10-6TM.3544 
T2005-10-10-6TM.3545 
T2005-10-10-6TM.3546 
T2005-10-10-6TM.3547 
T2005-10-10-6TM.3548 
T2005-10-10-6TM.3549 
T2005-10-10-6TM.3550 
T2005-10-10-6TM.3551 
T2005-10-10-6TM.3552 
T2006-06-28-6TM.4270 
T2014-06-04-3TM.11299 
T2003-03-21-6TM.749